Communicative English-I: (Record no. 186212)

MARC details
000 -LEADER
fixed length control field 00714nam a22002177a 4500
005 - DATE AND TIME OF LATEST TRANSACTION
control field 20220217095045.0
010 ## - LCCN (DPL NO)
LC control number ENG-131643
020 ## - INTERNATIONAL STANDARD BOOK NUMBER
International Standard Book Number 9788194119784
Terms of availability 299.00
035 ## - SYSTEM CONTROL NUMBER
System control number EN-115175
037 ## - SOURCE OF ACQUISITION
Source of stock number/acquisition DBAD
082 ## - DEWEY DECIMAL CLASSIFICATION NUMBER
Classification number 428.34
100 ## - MAIN ENTRY--PERSONAL NAME
Personal name Sambaiah, M.
245 ## - TITLE STATEMENT
Title Communicative English-I:
Remainder of title Common to All Branches for B.tech First Year/
Statement of responsibility, etc M. Sambaiah et.al.
260 ## - PUBLICATION, DISTRIBUTION, ETC. (IMPRINT)
Place of publication, distribution, etc Hyderabad
Name of publisher, distributor, etc Amaravati Publications
Date of publication, distribution, etc 2020
270 ## - ADDRESS
Address # 326/C, III Floor, Surneni Nilayam Near B K Guda Park, S R Nagar
City Hyderabad
Postal code 500038
300 ## - PHYSICAL DESCRIPTION
Extent xvi, 416p.
Dimensions 24cm(pbk)
700 ## - ADDED ENTRY--PERSONAL NAME
Personal name Reddy, K. Suneetah
700 ## - ADDED ENTRY--PERSONAL NAME
Personal name Kumar, K. Vinay
700 ## - ADDED ENTRY--PERSONAL NAME
Personal name Reddy, K. Janardhan
942 ## - ADDED ENTRY ELEMENTS (KOHA)
Source of classification or shelving scheme Dewey Decimal Classification
Item type English Books
Classification part 428.34
Call number suffix SAM
Holdings
Withdrawn status Lost status Not for loan Collection code Home library Current library Date acquired Source of acquisition Cost, normal purchase price Full call number Barcode Copy number Cost, replacement price Koha item type
      Non-fiction Patel Nagar Patel Nagar 17/02/2022 DBAD/PUB 299.00 428.34 SAM EN-115175 1 299.00 English Books

© Delhi Public Library
Hit Counter
free hit counter